Charity Blossoms (Record no. 137733)

MARC details
000 -LEADER
fixed length control field 00483nam a22001937a 4500
003 - CONTROL NUMBER IDENTIFIER
control field OSt
005 - DATE AND TIME OF LATEST TRANSACTION
control field 20260122143406.0
008 - FIXED-LENGTH DATA ELEMENTS--GENERAL INFORMATION
fixed length control field 260122b |||||||| |||| 00| 0 eng d
040 ## - CATALOGING SOURCE
Transcribing agency SBCL
082 ## - DEWEY DECIMAL CLASSIFICATION NUMBER
Classification number 242.05
Item number ANC-C
100 ## - MAIN ENTRY--PERSONAL NAME
Personal name Anto,Ancy
245 ## - TITLE STATEMENT
Title Charity Blossoms
260 ## - PUBLICATION, DISTRIBUTION, ETC.
Place of publication, distribution, etc. Thrissur
Name of publisher, distributor, etc. Holy Family Generalate
Date of publication, distribution, etc. 2026
300 ## - PHYSICAL DESCRIPTION
Extent 50.00 p.
630 ## - SUBJECT ADDED ENTRY--UNIFORM TITLE
General subdivision Religion
650 ## - SUBJECT ADDED ENTRY--TOPICAL TERM
Topical term or geographic name entry element Christian moral & devotional theology
650 ## - SUBJECT ADDED ENTRY--TOPICAL TERM
Topical term or geographic name entry element Devotional literature
942 ## - ADDED ENTRY ELEMENTS (KOHA)
Koha item type BOOK
Holdings
Withdrawn status Lost status Source of classification or shelving scheme Damaged status Use restrictions Not for loan Home library Current library Date acquired Total Checkouts Full call number Barcode Shelving location Date last seen Cost, replacement price Price effective from Koha item type
    Dewey Decimal Classification   RESTRICTED   SB LIBRARY SB LIBRARY 22/01/2026   242.05 ANC-C CC0283 CATHOLIC COLLECTION 22/01/2026 20.00 22/01/2026 BOOK

Powered by Koha